000 00627nam a2200217Ia 4500
003 OSt
005 20230508112252.0
008 210423s2006 xx 000 0 und d
020 _a716743752
040 _cAL
041 _aeng
082 _a574.192
_223
_bBLEI
100 _aBLIE (Ira);ODIAN (George).
_999853
245 _aGeneral organic and biochemistry: connecting chemistry to your life.
250 _a2
260 _bW H Freeman & Co.
_c2006
300 _axvii,787,E32,G8,I22
_bPB
365 _b3779
_cINR
906 _abiochemistry: ; chemistry ; connecting ; General ; life ; organic ; your
942 _2ddc
_cBK
999 _c163785
_d163785